| 000 | 02886nam a2200277 i 4500 | ||
|---|---|---|---|
| 001 | Rebiun32761445 | ||
| 008 | 220321e202202 spc ||| ||| 000 f spa| | ||
| 015 |
_aLL2022 _2bnc |
||
| 017 |
_aB 18842-2021 _aB 20380-2022, _bBiblioteca de Catalunya |
||
| 020 | _a9788466357098 | ||
| 020 | _a9788466381285 | ||
| 040 |
_aES-BaBC _bEnglish _erda _cES-BaBC |
||
| 041 | _aSpanish | ||
| 100 |
_aCastillo, Javier, _eauthor _925842 |
||
| 245 | 1 | 3 |
_aLa Chica de nieve _c/ Javier Castillo |
| 264 | 1 |
_a[Barcelona] : _bDebolsillo, _c2022 |
|
| 300 |
_a508 pages; _c19 cm |
||
| 490 | 1 | _aBestseller | |
| 490 | 0 | _aBiblioteca Javier Castillo | |
| 520 | _aLa novela más leída del confinamiento. El thriller perfecto que cambia las reglas del género. El desfile más famoso del planeta. Una niña de tres años desaparecida. ¿Dónde está Kiera Templeton? Nueva York, 1998, cabalgata de Acción de Gracias. Kiera Templeton, desaparece entre la multitud. Tras una búsqueda frenética por toda la ciudad, alguien encuentra unos mechones de pelo junto a la ropa que llevaba puesta la pequeña. En 2003, el día que Kiera habría cumplido ocho años, sus padres, Aaron y Grace Templeton, reciben en casa un extraño paquete: una cinta VHS con la grabación de un minuto de Kiera jugando en una habitación desconocida. Javier Castillo, autor de El día que se perdió la cordura, El día que se perdió el amor, Todo lo que sucedió con Miranda Huff y El juego del alma, vuelve a poner en jaque la cordura con La chica de nieve, un oscuro viaje a las profundidades de Miren Triggs, una estudiante de periodismo que inicia una investigación paralela y descubre que tanto su vida como la de Kiera están llenas de incógnitas. | ||
| 520 | _aThe most widely read novel of the lockdown. A thriller that rewrites the rules of the genre. The most famous parade in the world. A three-year-old girl vanishes. Where is Kiera Templeton? New York, 1998, Thanksgiving Day Parade. Kiera Templeton disappears into the crowd. After a frantic city-wide search, all that is found are strands of hair next to the clothes she was wearing. In 2003, on what would have been Kiera’s eighth birthday, her parents, Aaron and Grace Templeton, receive a strange package at their home: a VHS tape showing one minute of Kiera playing in an unfamiliar room. Javier Castillo, bestselling author of The Day Sanity Was Lost, The Day Love Was Lost, Everything That Happened with Miranda Huff and The Soul Game, once again challenges the boundaries of reason with The Snow Girl: a dark journey into the depths of Miren Triggs, a journalism student who embarks on a parallel investigation, only to discover that both her life and Kiera’s are riddled with mysteries. | ||
| 650 | 0 |
_a Kidnapping _vFiction |
|
| 650 | 0 |
_aMissing children _vFiction _923688 |
|
| 655 | 0 |
_aPsychological fiction _922456 |
|
| 942 | _2lcc | ||
| 999 |
_c4901 _d4901 |
||